<?xml version="1.0" encoding="UTF-8"?>
<collection xmlns="http://www.loc.gov/MARC21/slim">
 <record>
  <leader>01474nam a2200265 a 4500</leader>
  <controlfield tag="001">1/46222</controlfield>
  <controlfield tag="008">160414s1955    gr       b    00010 gre  </controlfield>
  <datafield tag="035" ind1=" " ind2=" ">
   <subfield code="l">49196</subfield>
  </datafield>
  <datafield tag="040" ind1=" " ind2=" ">
   <subfield code="a">GR-PeUP</subfield>
  </datafield>
  <datafield tag="082" ind1="0" ind2="0">
   <subfield code="a">657.8 ΣΠΑ</subfield>
  </datafield>
  <datafield tag="100" ind1="1" ind2=" ">
   <subfield code="a">Σπανδανόπουλος, Ιωάννης.</subfield>
  </datafield>
  <datafield tag="245" ind1="1" ind2="0">
   <subfield code="a">Σύστημα λογιστικής :</subfield>
   <subfield code="b">γενικαί αρχαί - εφηρμοσμένη - οικονομική λογιστική /</subfield>
   <subfield code="c">Ιωάννου Κ. Σπανδανόπουλου.</subfield>
  </datafield>
  <datafield tag="250" ind1=" " ind2=" ">
   <subfield code="a">2η έκδ. μετά προσθηκών και βελτιώσεων.</subfield>
  </datafield>
  <datafield tag="260" ind1="0" ind2=" ">
   <subfield code="a">Αθήναι :</subfield>
   <subfield code="b">Αργύρης Παπαζήσης,</subfield>
   <subfield code="c">1955.</subfield>
  </datafield>
  <datafield tag="300" ind1=" " ind2=" ">
   <subfield code="a">322 σ. :</subfield>
   <subfield code="b">πίν. ;</subfield>
   <subfield code="c">24 εκ.</subfield>
  </datafield>
  <datafield tag="500" ind1=" " ind2=" ">
   <subfield code="a">Η βιβλιοθήκη έχει τον πρώτο τόμο.</subfield>
  </datafield>
  <datafield tag="500" ind1=" " ind2=" ">
   <subfield code="a">Περιέχει σημειώσεις.</subfield>
  </datafield>
  <datafield tag="504" ind1=" " ind2=" ">
   <subfield code="a">Βιβλιογραφία: σ. 315-316.</subfield>
  </datafield>
  <datafield tag="504" ind1=" " ind2=" ">
   <subfield code="a">Περιέχει βιβλιογραφικές αναφορές.</subfield>
  </datafield>
  <datafield tag="505" ind1="0" ind2=" ">
   <subfield code="a">Τ.1. Γενικαί αρχαί λογιστικής.</subfield>
  </datafield>
  <datafield tag="650" ind1=" " ind2="4">
   <subfield code="a">Λογιστική επιχειρήσεων.</subfield>
  </datafield>
  <datafield tag="650" ind1=" " ind2="4">
   <subfield code="a">Corporations</subfield>
   <subfield code="x">Accounting.</subfield>
  </datafield>
  <datafield tag="852" ind1=" " ind2=" ">
   <subfield code="a">INST</subfield>
   <subfield code="b">UNIPILB</subfield>
   <subfield code="c">MAIN</subfield>
   <subfield code="e">20160414</subfield>
   <subfield code="h">657.8 ΣΠΑ</subfield>
   <subfield code="p">00173911</subfield>
   <subfield code="q">00173911</subfield>
   <subfield code="t">CLOCOL</subfield>
   <subfield code="v">τ.1:</subfield>
   <subfield code="y">23</subfield>
   <subfield code="z">τ.1</subfield>
   <subfield code="4">2</subfield>
  </datafield>
  <datafield tag="852" ind1=" " ind2=" ">
   <subfield code="a">INST</subfield>
   <subfield code="b">UNIPILB</subfield>
   <subfield code="c">MAIN</subfield>
   <subfield code="e">20160414</subfield>
   <subfield code="h">657.8 ΣΠΑ</subfield>
   <subfield code="p">00173932</subfield>
   <subfield code="q">00173932</subfield>
   <subfield code="t">CLOCOL</subfield>
   <subfield code="v">τ.1:</subfield>
   <subfield code="y">23</subfield>
   <subfield code="z">τ.1</subfield>
   <subfield code="4">1</subfield>
  </datafield>
  <datafield tag="852" ind1=" " ind2=" ">
   <subfield code="a">INST</subfield>
   <subfield code="b">UNIPILB</subfield>
   <subfield code="c">MAIN</subfield>
   <subfield code="e">20170310</subfield>
   <subfield code="h">657.8 ΣΠΑ</subfield>
   <subfield code="p">00173963</subfield>
   <subfield code="q">00173963</subfield>
   <subfield code="t">CLOCOL</subfield>
   <subfield code="v">τ.1:</subfield>
   <subfield code="y">23</subfield>
   <subfield code="z">τ.1</subfield>
   <subfield code="4">3</subfield>
  </datafield>
 </record>
</collection>
